Digital Image processing using MATLAB / (Record no. 182852)
[ view plain ]
| 000 -LEADER | |
|---|---|
| fixed length control field | 01117 a2200229 4500 |
| 003 - CONTROL NUMBER IDENTIFIER | |
| control field | Nust |
| 005 - DATE AND TIME OF LATEST TRANSACTION | |
| control field | 20221115122108.0 |
| 010 ## - LIBRARY OF CONGRESS CONTROL NUMBER | |
| LC control number | 2004272415 |
| 020 ## - INTERNATIONAL STANDARD BOOK NUMBER | |
| International Standard Book Number | 0130085197 |
| 035 ## - SYSTEM CONTROL NUMBER | |
| System control number | (OCoLC)ocm54345501 |
| 040 ## - CATALOGING SOURCE | |
| Transcribing agency | Nust |
| 082 ## - DEWEY DECIMAL CLASSIFICATION NUMBER | |
| Classification number | 621.367,GON |
| 100 1# - MAIN ENTRY--PERSONAL NAME | |
| Personal name | Gonzalez, Rafael C. |
| 245 10 - TITLE STATEMENT | |
| Title | Digital Image processing using MATLAB / |
| Statement of responsibility, etc. | Rafael C. Gonzalez, Richard E. Woods, Steven L. Eddins. |
| 260 ## - PUBLICATION, DISTRIBUTION, ETC. | |
| Place of publication, distribution, etc. | Upper Saddle River, NJ : |
| Name of publisher, distributor, etc. | Pearson/Prentice Hall, |
| Date of publication, distribution, etc. | c2004. |
| 300 ## - PHYSICAL DESCRIPTION | |
| Extent | xiv, 609 p. : |
| Other physical details | ill., charts ; |
| Dimensions | 25 cm. |
| 505 ## - FORMATTED CONTENTS NOTE | |
| Formatted contents note | Introduction (Page-1), Fundamental (Page-12), Intensity transformations and spatial (Page-65), Frequency domain processing (Page-108), Image restoration (Page-141), Color image processsing (Page-194), Wavelets (Page-242), Image Compression (Page-282), Morphological image processing (Page-334), Image segmentation (Page-378), Representation and description (Page-426), Object recognition (Page-484), |
| 650 #0 - SUBJECT ADDED ENTRY--TOPICAL TERM | |
| Topical term or geographic name entry element | Image processing |
| General subdivision | Digital techniques. |
| 9 (RLIN) | 673 |
| 700 1# - ADDED ENTRY--PERSONAL NAME | |
| Personal name | Eddins, Steven L., |
| Dates associated with a name | 1964- |
| 9 (RLIN) | 102613 |
| 700 1# - ADDED ENTRY--PERSONAL NAME | |
| Personal name | Woods, Richard E. |
| Dates associated with a name | 1954- |
| 9 (RLIN) | 96527 |
| 942 ## - ADDED ENTRY ELEMENTS (KOHA) | |
| Source of classification or shelving scheme | |
| Koha item type | Book |
| Withdrawn status | Lost status | Source of classification or shelving scheme | Damaged status | Not for loan | Permanent Location | Current Location | Shelving location | Date acquired | Full call number | Barcode | Date last seen | Price effective from | Koha item type | Public note |
|---|---|---|---|---|---|---|---|---|---|---|---|---|---|---|
| Military College of Signals (MCS) | Military College of Signals (MCS) | General Stacks | 12/12/2016 | 621.367,GON | MCS30459 | 12/08/2016 | 12/12/2016 | Book | Almirah No.30, Shelf No.3 |
